Statistics for All Time Vancouver Grizzlies Roster

Click here to take the quiz!

General Stats

  • This quiz has been taken 53 times
  • The average score is 11 of 62

Answer Stats

Player% Correct
Bryant Reeves
67%
Mike Bibby
65%
Shareef Abdur-Rahim
63%
Aaron Williams
48%
Damon Jones
43%
Michael Smith
41%
Michael Dickerson
35%
Greg Anthony
33%
Stromile Swift
28%
Antonio Daniels
26%
Dennis Scott
26%
Blue Edwards
24%
Byron Scott
24%
Othella Harrington
24%
Doug Edwards
22%
Kevin Edwards
22%
Tony Massenburg
22%
Brent Price
20%
Chris Robinson
20%
Doug West
20%
Larry Robinson
20%
Roy Rogers
20%
Mahmoud Abdul-Rauf
17%
Chris King
15%
Lee Mayberry
15%
Pete Chilcutt
15%
Ashraf Amaya
13%
Bobby Hurley
13%
Cherokee Parks
13%
Felipe Lopez
13%
Grant Long
13%
Otis Thorpe
13%
Anthony Peeler
11%
Antoine Carr
11%
Antonio Harvey
11%
Benoit Benjamin
11%
Cuonzo Martin
11%
Darrick Martin
11%
DeJuan Wheat
11%
Lawrence Moten
11%
Obinna Ekezie
11%
Eric Leckner
9%
Eric Mobley
9%
Eric Murdock
9%
George Lynch
9%
Gerald Wilkins
9%
Makhtar N'Diaye
9%
Rich Manning
9%
Sam Mack
9%
Anthony Avent
7%
Carl Herrera
7%
Erick Strickland
7%
Isaac Austin
7%
Joe Stephens
7%
J.R. Henderson
7%
Kenny Gattison
7%
Milt Palacio
7%
Terry Dehere
7%
Ivano Newbill
4%
Jason Sasser
4%
Moochie Norris
4%
Rodrick Rhodes
2%

Score Distribution

Percentile by Number Answered

Percent of People with Each Score

Your Score History

You have not taken this quiz